| 000 | 01340cam a2200361 i 4500 | ||
|---|---|---|---|
| 999 |
_c533089 _d533089 |
||
| 001 | 17499463 | ||
| 003 | NUST | ||
| 005 | 20191212104753.0 | ||
| 008 | 121018s2014 vtua b 001 0 eng | ||
| 010 | _a 2012038847 | ||
| 020 | _a9780754675341 (alk. paper) | ||
| 038 | _aMSOHAIL | ||
| 040 |
_aDLC _beng _cDLC _dDLC _erda |
||
| 042 | _apcc | ||
| 050 | 0 | 0 |
_aHF5841 _b.P58 2014 |
| 082 | 0 | 0 |
_a659.1342 _223 |
| 100 | 1 |
_aPortella, Adriana _q(Adriana Araujo) _926776 |
|
| 245 | 1 | 0 |
_aVisual pollution : _badvertising, signage and environmental quality / _cAdriana Portella, Oxford Brookes University, The Joint Centre for Urban Design, UK |
| 264 | 1 |
_aBurlington : _bAshgate, _c[2014] |
|
| 300 |
_axxv, 316 pages : _billustrations; _c24 cm. |
||
| 336 |
_atext _2rdacontent |
||
| 337 |
_aunmediated _2rdamedia |
||
| 338 |
_avolume _2rdacarrier |
||
| 490 | 0 | _aDesign and the built environment | |
| 500 | _aIncludes index. | ||
| 504 | _aIncludes bibliographical references (pages 297 -307) and index. | ||
| 650 | 0 |
_aSigns and signboards. _926777 |
|
| 650 | 0 |
_aPublic spaces. _926778 |
|
| 650 | 0 |
_aAesthetics. _911190 |
|
| 906 |
_a7 _bcbc _corignew _d1 _eecip _f20 _gy-gencatlg |
||
| 942 |
_2ddc _cBK |
||